Star Trek Villains - Statistics

General Stats
  • This quiz has been taken 67 times
  • The average score is 6 of 10
Answer Stats
Hint Answer % Correct
The greatest Star Trek villain of all time Khan
91%
a letter. Literally just a letter Q
89%
These robots have a really creative name and aren't just a shortened word Borg
85%
Every time I hear the name I think of the Kardashians Cardassian
71%
who played the above in the remakes Benedict Cumberbatch
60%
what lizard looking alien looks like Bossk Gorn
60%
these guys look like bald monkey's Ferengi
38%
a giant (fictional) ship (based on a real ship) similar to Hal 9000 V'ger
27%
Picard's clone could've at least sounded Like Jean-Luc Shinzon
24%
Yeti that sucks the salt out of you Salt Vampire
20%
No matching quizzes found
Score Distribution
Percent of People with Each Score
Percentile by Number Answered
Your Score History
You have not taken this quiz